header

White-tailed deer habitat (Record no. 123876)

MARC details
000 -LEADER
fixed length control field 01669nam a2200409 a 4500
082 04 - DEWEY DECIMAL CLASSIFICATION NUMBER
Classification number 639.97/9652
100 1# - MAIN ENTRY--AUTHOR NAME
Personal name Fulbright, Timothy E.
245 10 - TITLE STATEMENT
Title White-tailed deer habitat
250 ## - EDITION STATEMENT
Edition statement 1st ed.
260 ## - PUBLICATION, DISTRIBUTION, ETC. (IMPRINT)
Place of publication College Station :
Name of publisher Texas A&M University Press,
Year of publication c2005.
300 ## - PHYSICAL DESCRIPTION
Number of Pages ix, 241 p. :
Other physical details ill., maps.
490 1# - SERIES STATEMENT
Series statement Perspectives on south Texas
650 #0 - SUBJECT ADDED ENTRY--TOPICAL TERM
Topical Term White-tailed deer
Topical Term Range management
Topical Term Wildlife habitat improvement
700 1# - ADDED ENTRY--PERSONAL NAME
Personal name Ortega-S., J. Alfonso.
856 40 - ELECTRONIC LOCATION AND ACCESS
Uniform Resource Identifier http://site.ebrary.com/lib/rucke/Doc?id=10455980

No items available.

© 2026 Rongo University
Contact us: librarian | system librarian | Rongo university